Wolf and Stanley on environmental law (Record no. 103921)

MARC details
000 -LEADER
fixed length control field 01403cam a2200217 4500
001 - CONTROL NUMBER
control field L128478
008 - FIXED-LENGTH DATA ELEMENTS--GENERAL INFORMATION
fixed length control field 050110n2003 000 0 eng u
020 ## - INTERNATIONAL STANDARD BOOK NUMBER
International Standard Book Number 1859418325
035 ## - SYSTEM CONTROL NUMBER
System control number (Sirsi) u128478
041 ## - LANGUAGE CODE
Language code of text/sound track or separate title eng
050 ## - LIBRARY OF CONGRESS CALL NUMBER
Classification number 614.7026
-- 21
100 ## - MAIN ENTRY--PERSONAL NAME
Personal name Wolf, Susan
245 ## - TITLE STATEMENT
Title Wolf and Stanley on environmental law
250 ## - EDITION STATEMENT
Edition statement 4th ed.
260 ## - PUBLICATION, DISTRIBUTION, ETC.
Place of publication, distribution, etc. London
Name of publisher, distributor, etc. Cavendish Publishing
Date of publication, distribution, etc. 2003
300 ## - PHYSICAL DESCRIPTION
Extent xxxviii, 532p.
Dimensions 24cm.
350 ## - PRICE (NR) (BK AM CF MU VM SE) [OBSOLETE]
Price 26
520 ## - SUMMARY, ETC.
Summary, etc. Provides detailed but accessible coverage of the key features of pollution control law in England and Wales. This edition is updated to take account of all the recent (2003) developments in environmental law in respect of waste, water, air and sentencing policy. Defines what environmental law is and examines its administration and enforcement and also EU environmental law and policy. Looks at water pollution, waste management, integrated pollution control and integrated pollution prevention control, contaminated land, atmospheric pollution, statutory nuisance and noise pollution. Concludes with chapters on aspects of the private regulation of environmental pollution. Key sources of further information are listed at the end of each chapter. Appendix. The book is supported by a companion website www.cavendishpublishing.com/envlaw.
690 ## - LOCAL SUBJECT ADDED ENTRY--TOPICAL TERM (OCLC, RLIN)
Topical term or geographic name as entry element ENVIRONMENTAL AND LAND CONSULTANCY-ENVIRONMENTAL MANAGEMENT
942 ## - ADDED ENTRY ELEMENTS (KOHA)
Suppress in OPAC 0
Holdings
Withdrawn status Lost status Source of classification or shelving scheme Damaged status Not for loan Home library Current library Shelving location Date acquired Cost, normal purchase price Total Checkouts Full call number Barcode Date last seen Date last checked out Copy number Cost, replacement price Price effective from Koha item type
    Dewey Decimal Classification     London London Books 04/05/2005 22.10 14 614.7026 WOL 30070040 06/08/2019 01/04/2010 1 22.10 06/08/2019 Book